Statistics for Cities in USA that have most gay, lesbian, bisexual people

Click here to take the quiz!

General Stats

  • This quiz has been taken 170 times
  • The average score is 8 of 10

Answer Stats

GLB Population City % Correct
154, 270Los Angeles
96%
272, 493New York City
95%
94, 234San Francisco
88%
114, 449Chicago
86%
61, 976Houston
77%
58, 473Dallas
74%
50, 540Boston
70%
57, 993Seattle
68%
61, 945San Diego
67%
63, 222Phoenix
57%

Score Distribution

Percentile by Number Answered

Percent of People with Each Score

Your Score History

You have not taken this quiz